<?xml version="1.0" encoding="UTF-8"?>
<record
    xmlns:xsi="http://www.w3.org/2001/XMLSchema-instance"
    xsi:schemaLocation="http://www.loc.gov/MARC21/slim http://www.loc.gov/standards/marcxml/schema/MARC21slim.xsd"
    xmlns="http://www.loc.gov/MARC21/slim">

  <leader>02050nam a2200265 i 4500</leader>
  <controlfield tag="005">20260216150554.0</controlfield>
  <controlfield tag="008">260216s2025    my ao  gr     000 0deng d</controlfield>
  <datafield tag="020" ind1=" " ind2=" ">
    <subfield code="a">9789672639015</subfield>
    <subfield code="c">RM50.00</subfield>
    <subfield code="q">paperback </subfield>
  </datafield>
  <datafield tag="040" ind1=" " ind2=" ">
    <subfield code="a">PPAK </subfield>
    <subfield code="b">eng</subfield>
    <subfield code="c">PPAK </subfield>
    <subfield code="e">rda</subfield>
  </datafield>
  <datafield tag="082" ind1="0" ind2="4">
    <subfield code="2">23</subfield>
    <subfield code="a">388.47209595 </subfield>
  </datafield>
  <datafield tag="090" ind1="0" ind2="0">
    <subfield code="a">388.47209595 </subfield>
    <subfield code="b">VIN </subfield>
    <subfield code="d">G</subfield>
  </datafield>
  <datafield tag="100" ind1="1" ind2=" ">
    <subfield code="a">Vincent, L. A., </subfield>
    <subfield code="d">1950- </subfield>
    <subfield code="e">author. </subfield>
    <subfield code="q">(Louis Anthony), </subfield>
  </datafield>
  <datafield tag="245" ind1="1" ind2="0">
    <subfield code="a">Tales From Malayan Rails / </subfield>
    <subfield code="c">L. A. Vincent </subfield>
  </datafield>
  <datafield tag="264" ind1=" " ind2="1">
    <subfield code="a">Rawang, Selangor : </subfield>
    <subfield code="b">Louis Anthony Vincent, </subfield>
    <subfield code="c">2025</subfield>
  </datafield>
  <datafield tag="300" ind1=" " ind2=" ">
    <subfield code="a">viii, 436 pages : </subfield>
    <subfield code="b">illustrations, photographs ;</subfield>
    <subfield code="c">20 cm </subfield>
  </datafield>
  <datafield tag="336" ind1=" " ind2=" ">
    <subfield code="a">text</subfield>
    <subfield code="2">rdacontent</subfield>
  </datafield>
  <datafield tag="337" ind1=" " ind2=" ">
    <subfield code="a">unmediated</subfield>
    <subfield code="2">rdamedia</subfield>
  </datafield>
  <datafield tag="338" ind1=" " ind2=" ">
    <subfield code="a">volume</subfield>
    <subfield code="2">rdacarrier</subfield>
  </datafield>
  <datafield tag="520" ind1=" " ind2=" ">
    <subfield code="a">In days gone by, many would have made long-distance rail travels. Some were going back to boarding schools, other to collage campuses and some were part of the crazy balek kampong rides. In crowded trains, we just stood at the coaches open-end balconies, smoking or telling tales.

My earliest train-trip memory was just at KL station, sitting in the coach, wondering where everyone was bound for when the coach window decided to drop on my hand! As the years went by, I accumulated more and more railway memories.

For a railway child, there was romance in all-things railway: the people and their behaviour, the language and the games played. Along the way, many railways anecdotes dropped onto my lap. Not many know that our passenger trains had some petty glamorous names. There was the Sappo Express, PnO Mail, Northen Star, Southern Cross, Tren Sombong and Sodthy Express. A lively discussion will ensue when asked where the best food cam from on train travels. Was it from the breakdown train's kitchen ot the mail train's buffet car? And there were scores of other railway stories from my years as a railway-man.</subfield>
  </datafield>
  <datafield tag="650" ind1="1" ind2="0">
    <subfield code="a">Railroads</subfield>
    <subfield code="z">Malaysia </subfield>
    <subfield code="x">History</subfield>
  </datafield>
  <datafield tag="650" ind1="2" ind2="0">
    <subfield code="a">Railroad travel </subfield>
    <subfield code="z">Malaysia </subfield>
  </datafield>
  <datafield tag="650" ind1="2" ind2="0">
    <subfield code="a">Railroads, Local and light </subfield>
    <subfield code="z">Malaysia </subfield>
  </datafield>
  <datafield tag="650" ind1="2" ind2="0">
    <subfield code="a">Transportation </subfield>
    <subfield code="z">Malaysia </subfield>
  </datafield>
  <datafield tag="942" ind1=" " ind2=" ">
    <subfield code="2">ddc</subfield>
    <subfield code="c">B</subfield>
  </datafield>
  <datafield tag="999" ind1=" " ind2=" ">
    <subfield code="c">203137</subfield>
    <subfield code="d">203137</subfield>
  </datafield>
</record>
